Detalles MARC
| 000 -CABECERA |
| campo de control de longitud fija |
01340nam a2200265 a 4500 |
| 001 - NÚMERO DE CONTROL |
| campo de control |
000020756 |
| 003 - IDENTIFICADOR DEL NÚMERO DE CONTROL |
| campo de control |
DO-SdBNP |
| 005 - FECHA Y HORA DE LA ÚLTIMA TRANSACCIÓN |
| campo de control |
20241130074013.0 |
| 007 - CAMPO FIJO DE DESCRIPCIÓN FÍSICA--INFORMACIÓN GENERAL |
| campo de control de longitud fija |
ta |
| 008 - DATOS DE LONGITUD FIJA--INFORMACIÓN GENERAL |
| campo de control de longitud fija |
100813s2015 dr r 001 0 spa |
| 020 ## - NÚMERO INTERNACIONAL ESTÁNDAR DEL LIBRO |
| Número Internacional Estándar del Libro |
9789945894608 |
| 040 ## - FUENTE DE LA CATALOGACIÓN |
| Centro catalogador/agencia de origen |
DO-SdBNP |
| Lengua de catalogación |
spa |
| Centro/agencia transcriptor |
BNPHU |
| 082 #4 - NÚMERO DE LA CLASIFICACIÓN DECIMAL DEWEY |
| Número de documento/Ítem |
D725n |
| Número de edición |
22 |
| 100 1# - ENTRADA PRINCIPAL--NOMBRE DE PERSONA |
| Nombre de persona |
Dotel Matos, Héctor |
| 9 (RLIN) |
1202 |
| 245 10 - MENCIÓN DE TÍTULO |
| Título |
Niños o menores infractores de la ley : |
| Resto del título |
estudio de criminología juvenil / |
| Mención de responsabilidad, etc. |
Héctor Dotel Matos ; corrección Odalís G. Pérez ; prólogo Milcíades Mejía. |
| 260 ## - PUBLICACIÓN, DISTRIBUCIÓN, ETC. |
| Lugar de publicación, distribución, etc. |
Santo Domingo : |
| Nombre del editor, distribuidor, etc. |
Academia de ciencias de la República Dominicana, |
| Fecha de publicación, distribución, etc. |
2015. |
| 300 ## - DESCRIPCIÓN FÍSICA |
| Extensión |
479 p. ; |
| Dimensiones |
24 cm. |
| 500 ## - NOTA GENERAL |
| Nota general |
Incluye datos biográficos del autor en la solapa de la cubierta |
| 500 ## - NOTA GENERAL |
| Nota general |
Incluye referencias bibliográficas y notas al pie de las páginas |
| 505 0# - NOTA DE CONTENIDO CON FORMATO |
| Nota de contenido con formato |
Prólogo -- Introducción -- Noción de anomalía e infracción juvenil -- Primera parte : Antecedentes históricos y organismos judiciales de presentación -- Segunda parte : Ifracción juvenil y violencia -- Tercera parte : Búsqueda etiológica -- Cuarta parte : Estudio clínico de las conductas colpables del adolescente -- Bibliografía general . |
| 590 ## - NOTA LOCAL (RLIN) |
| Nota local |
Inventariado, 2023/BT |
| 700 1# - PUNTO DE ACCESO ADICIONAL--NOMBRE DE PERSONA |
| Nombre de persona |
Mejía, Milcíades, |
| Término indicativo de función/relación |
prólogo |
| 9 (RLIN) |
43514 |
| 700 1# - PUNTO DE ACCESO ADICIONAL--NOMBRE DE PERSONA |
| Nombre de persona |
Pérez, Odalís |
| Fechas asociadas al nombre |
1952- |
| Término indicativo de función/relación |
corrección |
| 9 (RLIN) |
23828 |
| 942 ## - ELEMENTOS DE PUNTO DE ACCESO ADICIONAL (KOHA) |
| Fuente del sistema de clasificación o colocación |
Dewey Decimal Classification |
| Tipo de ítem Koha |
Libro |